Les meilleurs buteurs en sélection depuis 2000 - Statistiques

Statistiques générales
  • Ce quiz a été pris 412 fois
  • Le résultat moyen est 22 sur 33
Statistiques - réponses
Buts Joueur Sélection % Correct
88 Cristiano Ronaldo Portugal
100%
62 Ronaldo Brésil
100%
68 Lionel Messi Argentine
99%
56 Luis Suarez Uruguay
96%
60 Neymar Brésil
96%
51 Thierry Henry France
94%
71 Miroslav Klose Allemagne
92%
46 Edinson Cavani Uruguay
91%
35 Olivier Giroud France
90%
59 David Villa Espagne
89%
38 Thomas Muller Allemagne
86%
45 Romelu Lukaku Belgique
84%
53 Wayne Rooney Angleterre
81%
37 Arjen Robben Pays-Bas
78%
50 Robin Van Persie Pays-Bas
78%
40 Fernando Torres Espagne
76%
41 Sergio Aguero Argentine
70%
36 Diego Forlan Uruguay
67%
35 Ruud Van Nistelrooy Pays-Bas
65%
35 Rivaldo Brésil
64%
44 Raul Espagne
62%
47 Pauleta Portugal
53%
54 Gabriel Batistuta Argentine
49%
45 Davor Suker Croatie
47%
40 Michael Owen Angleterre
45%
35 Hernan Crespo Argentine
38%
55 Romario Brésil
35%
42 Klaas Jan Huntelaar Pays-Bas
34%
49 Lukas Podolski Allemagne
34%
40 Patrick Kluivert Pays-Bas
34%
35 David Silva Espagne
31%
37 Dennis Bergkamp Pays-Bas
27%
42 Michael Ballack Allemagne
26%
Aucun quiz correspondant
Distribution des résultats
% des personnes avec chaque résultat
Percentile par nombre de réponses
Votre historique - résultats
Vous n’avez pas pris ce quiz